000 00666cam a22002533a 4500
001 30900
003 PGUSA
005 20140828083652.0
008 100109s2010||||xxu|||||s|||||000 | eng d
040 _aPGUSA
_beng
042 _adc
050 4 _aBL
100 1 _aLewis, Joseph,
_d1889-1968
245 1 4 _aThe Tyranny of God
_h[electronic resource] /
_cJoseph Lewis
260 _bProject Gutenberg,
_c2010
506 _aPublic domain in the USA.
516 _aElectronic text
653 _aFree thought
653 _aRationalism
653 _aAtheism
830 0 _aProject Gutenberg
_v30900
856 4 0 _uhttp://www.gutenberg.org/ebooks/30900
942 _cEB
999 _c260155
_d260155